Engineering Mathematics (Record no. 69)
[ view plain ]
| 000 -LEADER | |
|---|---|
| Fixed length control field | 00569nam a2200217 4500 |
| 003 - CONTROL NUMBER IDENTIFIER | |
| Control field | SEACOMMC |
| 005 - DATE AND TIME OF LATEST TRANSACTION | |
| Control field | 20231010074536.0 |
| 008 - FIXED-LENGTH DATA ELEMENTS--GENERAL INFORMATION | |
| Fixed length control field | 231010b |||||||| |||| 00| 0 eng d |
| 020 ## - INTERNATIONAL STANDARD BOOK NUMBER / ISBN | |
| Price | Rs. 160.00 |
| 040 ## - CATALOGING SOURCE | |
| Original cataloging agency | SEACOMMC |
| 082 ## - DEWEY DECIMAL CLASSIFICATION NUMBER | |
| Classification number | 510.02462 |
| Book Number | ARU |
| 100 1# - MAIN ENTRY--PERSONAL NAME | |
| Personal name | Arumugam, S. |
| 245 1# - TITLE STATEMENT | |
| Title | Engineering Mathematics |
| Statement of responsibility | S. Arumugam, A Thangapandi Isaac and A. Somasundaram |
| 250 ## - EDITION STATEMENT | |
| Edition statement | 2nd ed. |
| 260 ## - IMPRINT | |
| Place of publication | Chennai |
| Name of publisher | Scitech |
| Date of publication | 2004 |
| 650 ## - SUBJECT ADDED ENTRY--TOPICAL TERM | |
| Topical term | Mathematics |
| 650 ## - SUBJECT ADDED ENTRY--TOPICAL TERM | |
| Topical term | Engineering |
| 700 1# - ADDED ENTRY--PERSONAL NAME | |
| Personal name | Isaac, A. Thangapandi |
| 700 1# - ADDED ENTRY--PERSONAL NAME | |
| Personal name | Somasundaram, A. |
| 942 ## - ADDED ENTRY ELEMENTS (KOHA) | |
| Koha item type | Books |
| Withdrawn status | Lost status | Source of classification | Damaged status | Not for loan | Home library | Current library | Date acquired | Total Checkouts | Call number | Accession number | Date last seen | Price effective from | Koha item type |
|---|---|---|---|---|---|---|---|---|---|---|---|---|---|
| Dewey Decimal Classification | SEACOM MANAGEMENT COLLEGE | SEACOM MANAGEMENT COLLEGE | 21/07/2006 | 510.02462 ARU | 04058 | 10/10/2023 | 10/10/2023 | Books | |||||
| Dewey Decimal Classification | SEACOM MANAGEMENT COLLEGE | SEACOM MANAGEMENT COLLEGE | 21/07/2006 | 510.02462 ARU | 04059 | 10/10/2023 | 10/10/2023 | Books | |||||
| Dewey Decimal Classification | SEACOM MANAGEMENT COLLEGE | SEACOM MANAGEMENT COLLEGE | 21/07/2006 | 510.02462 ARU | 04060 | 10/10/2023 | 10/10/2023 | Books | |||||
| Dewey Decimal Classification | SEACOM MANAGEMENT COLLEGE | SEACOM MANAGEMENT COLLEGE | 21/07/2006 | 510.02462 ARU | 04061 | 10/10/2023 | 10/10/2023 | Books | |||||
| Dewey Decimal Classification | SEACOM MANAGEMENT COLLEGE | SEACOM MANAGEMENT COLLEGE | 21/07/2006 | 510.02462 ARU | 04062 | 10/10/2023 | 10/10/2023 | Books | |||||
| Dewey Decimal Classification | SEACOM MANAGEMENT COLLEGE | SEACOM MANAGEMENT COLLEGE | 21/07/2006 | 510.02462 ARU | 04063 | 10/10/2023 | 10/10/2023 | Books | |||||
| Dewey Decimal Classification | SEACOM MANAGEMENT COLLEGE | SEACOM MANAGEMENT COLLEGE | 21/07/2006 | 510.02462 ARU | 04064 | 10/10/2023 | 10/10/2023 | Books | |||||
| Dewey Decimal Classification | SEACOM MANAGEMENT COLLEGE | SEACOM MANAGEMENT COLLEGE | 21/07/2006 | 510.02462 ARU | 04065 | 10/10/2023 | 10/10/2023 | Books | |||||
| Dewey Decimal Classification | SEACOM MANAGEMENT COLLEGE | SEACOM MANAGEMENT COLLEGE | 21/07/2006 | 510.02462 ARU | 04066 | 10/10/2023 | 10/10/2023 | Books | |||||
| Dewey Decimal Classification | SEACOM MANAGEMENT COLLEGE | SEACOM MANAGEMENT COLLEGE | 21/07/2006 | 510.02462 ARU | 04067 | 10/10/2023 | 10/10/2023 | Books |
